Central Library OPAC University of Rajshahi

وتیا مالیف کی کہانی;; Vitya Maliev ki kahani (Record no. 83665)

MARC details
000 -LEADER
fixed length control field 00598nam a2200193 4500
001 - CONTROL NUMBER
control field 83665
003 - CONTROL NUMBER IDENTIFIER
rucl marc code BD-RjUL
005 - DATE AND TIME OF LATEST TRANSACTION
control field 20240507131045.0
008 - FIXED-LENGTH DATA ELEMENTS--GENERAL INFORMATION
fixed length control field 240507s |||||||| |||| 00| 0 urd d
035 ## - SYSTEM CONTROL NUMBER
System control number (BD-RjUL)83665
040 ## - CATALOGING SOURCE
Original cataloging agency BD-RjUL
Language of cataloging eng
Transcribing agency BD-RjUL
041 ## - LANGUAGE CODE
Language code of text/sound track or separate title urd
082 ## - DEWEY DECIMAL CLASSIFICATION NUMBER
Edition number 23
Classification number 891.4393
Author mark and year NOW 1925
100 ## - MAIN ENTRY--PERSONAL NAME
Personal name Nosov, Nikolai ;; نوسوف ، نکولائ
9 (RLIN) 12880
245 10 - TITLE STATEMENT
Title وتیا مالیف کی کہانی;; Vitya Maliev ki kahani
Statement of responsibility, etc. نکولائ نوسوف ;;; Nikolai Nosov
300 ## - PHYSICAL DESCRIPTION
Pagination صفحات :264 ;
Size 23 cm
650 ## - SUBJECT ADDED ENTRY--TOPICAL TERM
Topical term or geographic name as entry element Urdu Literature
942 ## - ADDED ENTRY ELEMENTS (KOHA)
Source of classification or shelving scheme Dewey Decimal Classification
Koha item type Books
Holdings
Lost status Source of classification or shelving scheme Damaged status Not for loan Collection code Permanent Location Current Location Shelving location Date acquired Source of acquisition Full call number Date last seen Copy number Koha item type
  Dewey Decimal Classification   Not For Loan Non-fiction Central Library, University of Rajshahi Central Library, University of Rajshahi Reading Room 26/09/1958 USSR Counsall U 891.4393 NOW 1925 07/05/2024 C-1 Books